Englisch = Deutsch (Pokémon ) - Statistiken

Allgemein
  • Dieses Quiz wurde 54 mal gespielt
  • Das Durchschnittsergebnis liegt bei 11 aus 20
Antwortstatistiken
Englisch Deutsch % Korrekt
Haunter Alpollo
100%
Aurorus Amagarga
100%
Vaporeon Aquana
100%
Arcanine Arkani
100%
Impidimp Bähmon
100%
Beedrill Bibor
100%
Bidoof Bidiza
100%
Ivysaur Bisaknosp
100%
Bulbasaur Bisasam
100%
Nuzleaf Blanas
100%
Bellossom Blubella
100%
Bronzor Bronzel
100%
Escavalier Cavalanzas
100%
Chansey Chaneira
100%
Fletchling Dartiri
100%
Diglett Digda
100%
Dragonair Dragonir
100%
Drifblim Drifzepeli
100%
Gloom Duflor
100%
Chikorita Endivie
100%
Eevee Evoli
100%
Maushold Famieps
100%
Sinistea Fatalitee
100%
Sylveon Feelinara
100%
Delphox Fennexis
100%
Flareon Flamara
100%
Slowpoke Flegmon
100%
Igglybuff Fluffeluff
100%
Leafeon Folipurba
100%
Froakie Froxy
100%
Growlithe Fukano
100%
Graveler Georok
100%
Golem Geowaz
100%
Glaceon Glaziola
100%
Charmeleon Glutexo
100%
Spearow Habitak
100%
Heatran Heatran
100%
Blissey Heiteira
100%
Scorbunny Hopplo
100%
Weedle Hornliu
100%
Accelgor Hydragil
100%
Crobat Iksbat
100%
Empoleon Impoleon
100%
Kabutops Kabutops
100%
Tapu Lele Kapu - Fala
100%
Tapu Bulu Kapu - Toro
100%
Totodile Karnimani
100%
Magikarp Karpador
100%
Dragapult Katapuldra
100%
Hitmonlee Kicklee
100%
Cherubi Kikugi
100%
Kakuna Kokuna
100%
Koraidon Koraidon
100%
Eiscue Kubuin
100%
Watchog Kukmarda
100%
Slowbro Lahmus
100%
Slowking Laschoking
100%
Litleo Leufeo
100%
Luvdisc Liebiskus
100%
Munchlax Mampfaxo
100%
Gumshoos Manguspektor
100%
Mantine Mantax
100%
Meowth Mauzi
100%
Mewtwo Mewtu
100%
Mimikyu Mimigma
100%
Oddish Myrapla
100%
Nosepass Nasgnet
100%
Gastly Nebulak
100%
Hitmonchan Nockchan
100%
Noctowl Noctuh
100%
Pawmi Pamo
100%
Mr. Rime Pantifrost
100%
Mr. Mime Pantimos
100%
Beautifly Papinella
100%
Parasect Parasek
100%
Aromatisse Parfinesse
100%
Clefairy Piepi
100%
Piplup Plinfa
100%
Farfetch’d Porenta
100%
Greninja Quajutsu
100%
Regieleki Regieleki
100%
Regirock Regirock
100%
Hawlucha Resladero
100%
Ekans Rettan
100%
Rhyhorn Rihorn
100%
Rhydon Rizeros
100%
Metapod Safcon
100%
Victreebel Sarzenia
100%
Squirtle Schiggy
100%
Wartortle Schillok
100%
Wiglett Schligda
100%
Lickilicky Schlurplek
100%
Kingdra Seedraking
100%
Horsea Seeper
100%
Scyther Sichlor
100%
Alakazam Simsala
100%
Heracross Skaraborn
100%
Weezing Smogmog
100%
Lairon Stollrak
100%
Pidgeotto Tauboga
100%
Pidgey Taubsi
100%
Azelf Tobutz
100%
Sharpedo Tohaido
100%
Cubone Tragosso
100%
Misdreavus Traunfugil
100%
Toucannon Tukanon
100%
Thundurus Voltolos
100%
Probopass Voluminas
100%
Ninetales Vulnona
100%
Wurmple Waumpel
100%
Spinarak Webarak
100%
Rockruff Wuffels
100%
Psyduck Enton
80%
Salamence Brutalanda
75%
Turtwig Chelast
75%
Wooper Felino
75%
Inteleon Intelleon
75%
Klink Klikk
75%
Popplio Robball
75%
Gligar Skorgla
75%
Sneasel Sniebel
75%
Tornadus Boreos
67%
Delibird Botogel
67%
Vespiquen Honweisel
67%
Feraligatr Impergator
67%
Wynaut Isso
67%
Geodude Kleinstein
67%
Lurantis Mantidea
67%
Gothita Mollimorba
67%
Audino Ohrdoch
67%
Poliwrath Quappo
67%
Poliwhirl Quaputzi
67%
Sandslash Sandamer
67%
Zangoose Sengo
67%
Muk Sleimok
67%
Butterfree Smettbo
67%
Koffing Smogon
67%
Sunflora Sonnflora
67%
Croconaw Tyracroc
67%
Purugly Shnurgarst
60%
Trevenant Trombork
60%
Cloyster Austos
50%
Crustle Castellith
50%
Smeargle Farbeagle
50%
Emboar Flambirex
50%
Electrike Frizelbliz
50%
Charizard Glurak
50%
Hippowdon Hippoterus
50%
Mudkip Hydropi
50%
Unown Icognito
50%
Seel Jurob
50%
Deino Kapuno
50%
Tapu Koko Kapu - Riki
50%
Oranguru Kommandutan
50%
Smoochum Kussilla
50%
Moltres Lavados
50%
Flygon Libelldra
50%
Lunatone Lunastein
50%
Wishiwashi Lusardin
50%
Masquerain Maskeregen
50%
Axew Milza
50%
Polteageist Mortipot
50%
Spinda Pandir
50%
Pikipek Peppeck
50%
Alcremie Pokusan
50%
Primarina Primarene
50%
Jigglypuff Pummeluff
50%
Politoed Quaxo
50%
Krokorok Rokkaiman
50%
Jynx Rossana
50%
Swalot Schluckwech
50%
Lickitung Schlurp
50%
Sealeo Seejong
50%
Deerling Sesokitz
50%
Shinx Sheinux
50%
Vullaby Skallyk
50%
Grimer Sleima
50%
Foongus Tarnpignon
50%
Toxicroak Toxiquak
50%
Ralts Trasla
50%
Blastoise Turtok
50%
Cacnea Tuska
50%
Virizion Viridium
50%
Goodra Viscogon
50%
Cutiefly Wommel
50%
Lillipup Yorkleff
50%
Zigzagoon Zigzachs
50%
Basculin Barschuft
33%
Cinccino Chillabell
33%
Cofagrigus Echnatoll
33%
Blitzle Elezeba
33%
Tirtouga Galapaflos
33%
Liepard Kleoparda
33%
Loudred Krakeelo
33%
Lampent Laternecto
33%
Yungoos Mangunior
33%
Sobble Memmeon
33%
Sandygast Sankabuh
33%
Stunky Skunkapuh
33%
Aggron Stolloss
33%
Aron Stollunior
33%
Komala Koalelu
25%
Yamask Makabaja
25%
Snivy Serpifeu
25%
Huntail Aalabyss
0%
Naganadel Agoyon
0%
Skrelp Algitt
0%
Amaura Amarino
0%
Ambipom Ambidiffel
0%
Silvally Amigento
0%
Omanyte Amonitas
0%
Anorith Anorith
0%
Buizel Bamelin
0%
Rowlet Bauz
0%
Venusaur Bisaflor
0%
Stoutland Bissbark
0%
Binacle Bithora
0%
Tadbulb Blipp
0%
Wormadam Burmadame
0%
Gogoat Chevrumm
0%
Klefki Clavion
0%
Furfrou Coiffwaff
0%
Palossand Colossand
0%
Cosmoem Cosmovum
0%
Landorus Demeteros
0%
Garbodor Deponitox
0%
Tyranitar Despotar
0%
Shelgon Draschel
0%
Zweilous Duodino
0%
Doublade Duokles
0%
Whimsicott Elfun
0%
Skitty Eneco
0%
Golduck Entoron
0%
Durant Fermicula
0%
Poochyena Fiffyen
0%
Litten Flamiau
0%
Flamigo Flaminkno
0%
Darumaka Flampion
0%
Floette Floette
0%
Tepig Floink
0%
Stunfisk Flunschlik
0%
Swadloon Folikon
0%
Gallade Galagladi
0%
Sandile Ganovil
0%
Vanillite Gelatini
0%
Rufflet Geronimatz
0%
Croagunk Glibunkel
0%
Charmander Glumanda
0%
Goldeen Goldini
0%
Seaking Golking
0%
Aipom Griffel
0%
Grumpig Groink
0%
Greavard Gruff
0%
Pyukumuku Gufa
0%
Hoppip Hoppspross
0%
Skiploom Hubelupf
0%
Fearow Ibitak
0%
Quilladin Igastarnish
0%
Scrafty Irokex
0%
Pumpkaboo Irrbis
0%
Inkay Iscalar
0%
Combusken Jungglut
0%
Kangaskhan Kangama
0%
Carvanha Kanivanha
0%
Ludicolo Kappalores
0%
Tapu Fini Kapu - Kime
0%
Carracosta Karippas
0%
Roggenrola Kiesling
0%
Klinklang Klikdiklak
0%
Klang Kliklak
0%
Chingling Klingplim
0%
Trapinch Knacklion
0%
Applin Knapfel
0%
Bruxish Knirfish
0%
Wigglytuff Knuddeluff
0%
Cobalion Kobalium
0%
Cranidos Koknodon
0%
Exeggutor Kokowei
0%
Crabrawler Krabbox
0%
Murkrow Kramurx
0%
Exploud Krawumms
0%
Spiritomb Kryppuk
0%
Quaxly Kwaks
0%
Chinchou Lampi
0%
Sirfetch’d Lauchzelot
0%
Falinks Legios
0%
Lombre Lombrero
0%
Grubbin Mabula
0%
Machamp Machomei
0%
Magmortar Magbrant
0%
Magnemite Magnetilo
0%
Alomomola Mamolida
0%
Mamoswine Mamutel
0%
Machoke Maschock
0%
Buzzwole Masskito
0%
Perrserker Mauzinger
0%
Conkeldurr Meistagrif
0%
Bonsly Mobai
0%
Sudowoodo Mogelbaum
0%
Solosis Monozyto
0%
Mothim Moterpel
0%
Stakataka Muramura
0%
Shedinja Ninjatom
0%
Pancham Pam - Pam
0%
Mudbray Pampuli
0%
Chimchar Panflam
0%
Mime Jr. Pantimimi
0%
Spritzee Parfi
0%
Ducklett Piccolente
0%
Cleffa Pii
0%
Skorupi Pionskora
0%
Chatot Plaudagei
0%
Prinplup Pliprin
0%
Shuckle Pottrott
0%
GourGhost Pumpdjinn
0%
Scatterbug Purmel
0%
Pyroar Pyroleo
0%
Passimian Quartermak
0%
Tyrogue Rabauz
0%
Krookodile Rabigator
0%
Volcarona Ramoth
0%
Primeape Rasa
0%
Rattata Rattfratz
0%
Caterpie Raupy
0%
Snorlax Relaxo
0%
Rhyperior Rihornior
0%
Seedot Samurzel
0%
Pheromosa Schabelle
0%
Shellos Schalellos
0%
Snorunt Schneppke
0%
Taillow Schwalbini
0%
Bunnelby Scoppel
0%
Boldore Sedimantur
0%
Seadra Seemon
0%
Uxie Selfe
0%
Drampa Sen - Long
0%
Decidueye Silvarro
0%
Chandelure Skelabra
0%
Gliscor Skorgro
0%
Panpour Sodamak
0%
Sunkern Sonnkern
0%
Sewaddle Strawickl
0%
Swanna Swaroness
0%
Sigilyph Symvolara
0%
Dragalge Tandrak
0%
Tangrowth Tangoloss
0%
Tentacool Tentacha
0%
Terrakion Terrakium
0%
Barbaracle Thanathora
0%
Typhlosion Tornupto
0%
Mismagius Traunmagil
0%
Pansage Vegimak
0%
Mesprit Vesprit
0%
Goomy Viscora
0%
Yamper Voldi
0%
Mareep Voltilamm
0%
Voltorb Voltobal
0%
Galvantula Voltula
0%
Swablu Wablu
0%
Combee Wadribie
0%
Cottonee Waumboll
0%
Lileep Wielie
0%
Wooloo Wolly
0%
Lycanroc Wolwerock
0%
Happiny Wonneira
0%
EElectricss Zapplarang
0%
Tynamo Zapplardin
0%
Zebstrika Zebritz
0%
Zeraora Zeraora
0%
Kricketot Zirpurze
0%
Scraggy Zurrokex
0%
Tandemaus Zwieps
0%
Keine übereinstimmenden Quizze gefunden
Verteilung der Resultate
Anzahl Personen mit jedem Resultat
Perzentil nach korrekt beantworteten Fragen
Ihre Resultats-Entwicklung
Sie haben dieses Quiz noch nicht gespielt